Свойства полимерных диэлектрических материалов в кабельной промышленности; Химия и химическая технология в XXI веке; Т. 2

Bibliographic Details
Parent link:Химия и химическая технология в XXI веке: материалы XXIV Международной научно-практической конференции студентов и молодых ученых имени выдающихся химиков Л. П. Кулёва и Н. М. Кижнера, посвященной 85-летию со дня рождения профессора А. В. Кравцова, Томск, 15-19 мая 2023 г./ Национальный исследовательский Томский политехнический университет (ТПУ) ; Инженерная школа природных ресурсов ; Инженерная школа новых производственных технологий ; Исследовательская школа химических и биомедицинских технологий ; Инженерная школа ядерных технологий.— , 2023
Т. 2.— 2023.— [С. 383-384]
Main Author: Симонова А. В.
Corporate Author: Национальный исследовательский Томский политехнический университет Инженерная школа природных ресурсов Отделение химической инженерии
Other Authors: Ротарь О. В. Ольга Васильевна (научный руководитель)
Summary:Заглавие с титульного экрана
Language:Russian
Published: 2023
Series:Химическая технология полимерных материалов
Subjects:
Online Access:http://earchive.tpu.ru/handle/11683/76770
Format: Electronic Book Chapter
KOHA link:https://koha.lib.tpu.ru/cgi-bin/koha/opac-detail.pl?biblionumber=636069

MARC

LEADER 00000naa2a2200000 4500
001 636069
005 20231101133907.0
035 |a (RuTPU)RU\TPU\conf\37926 
035 |a RU\TPU\conf\37923 
090 |a 636069 
100 |a 20230627d2023 k y0rusy50 ca 
101 0 |a rus 
102 |a RU 
105 |a y z 101zy 
135 |a drgn ---uucaa 
181 0 |a i  
182 0 |a b 
200 1 |a Свойства полимерных диэлектрических материалов в кабельной промышленности  |f А. В. Симонова  |g науч. рук. О. В. Ротарь 
203 |a Текст  |c электронный 
225 1 |a Химическая технология полимерных материалов 
230 |a 1 компьютерный файл (pdf; 1 211 Kb) 
300 |a Заглавие с титульного экрана 
320 |a [Библиогр.: с. 384 (1 назв.)] 
461 1 |0 (RuTPU)RU\TPU\conf\37590  |t Химия и химическая технология в XXI веке  |o материалы XXIV Международной научно-практической конференции студентов и молодых ученых имени выдающихся химиков Л. П. Кулёва и Н. М. Кижнера, посвященной 85-летию со дня рождения профессора А. В. Кравцова, Томск, 15-19 мая 2023 г.  |o в 2 т.  |f Национальный исследовательский Томский политехнический университет (ТПУ) ; Инженерная школа природных ресурсов ; Инженерная школа новых производственных технологий ; Исследовательская школа химических и биомедицинских технологий ; Инженерная школа ядерных технологий  |d 2023 
463 1 |0 (RuTPU)RU\TPU\conf\37592  |t Т. 2  |v [С. 383-384]  |d 2023 
610 1 |a труды учёных ТПУ 
610 1 |a электронный ресурс 
610 1 |a свойства 
610 1 |a полимерные материалы 
610 1 |a диэлектрические материалы 
610 1 |a кабельная промышленность 
610 1 |a эксплуатация 
610 1 |a нефтепогружные кабели 
700 1 |a Симонова  |b А. В. 
702 1 |a Ротарь  |b О. В.  |c химик-технолог  |c доцент Томского политехнического университета, кандидат химических наук  |f 1947-  |g Ольга Васильевна  |2 stltpush  |4 727 
712 0 2 |a Национальный исследовательский Томский политехнический университет  |b Инженерная школа природных ресурсов  |b Отделение химической инженерии  |h 8085  |2 stltpush  |3 (RuTPU)RU\TPU\col\23513 
801 2 |a RU  |b 63413507  |c 20230803  |g RCR 
856 4 |u http://earchive.tpu.ru/handle/11683/76770 
942 |c BK